| 000 | 00000cas 2200000za 4500 |
| 001 | 9.816377 |
| 003 | CaOODSP |
| 005 | 20260508111559 |
| 007 | cr ||||||||||| |
| 008 | 160427c20169999oncar p o||||f| |0fre|d |
| 022 | |a2371-1043 |
| 040 | |aCaOODSP|bfre |
| 043 | |an-cn--- |
| 086 | 1 |aEn81-6/1F-PDF |
| 222 | 0|aAperçu des émissions déclarées pour ... |
| 245 | 00|aAperçu des émissions déclarées pour ... |h[ressource électronique] / |cProgramme de déclaration des émissions de gaz à effet de serre par les installations, Environnement et Changement climatique Canada. |
| 260 | |aOttawa : |bEnvironnement et Changement climatique Canada, |c2016- |
| 310 | |aAnnuel |
| 362 | 0 |a2014- |
| 500 | |aPubl. aussi en anglais sous le titre : Overview of reported ... emissions. |
| 692 | 07|2gccst|aGaz à effet de serre |
| 710 | 1 |aCanada. |bEnvironnement et changement climatique Canada. |
| 775 | 08|tOverview of reported ... emissions |w(CaOODSP)9.816375 |
| 780 | 00|tProgramme de déclaration des émissions de gaz à effet de serre par les installations |w(CaOODSP)9.503338 |